Psychometric testing: 1000 ways to assess your personality, creativity, intelligence and lateral thinking (Record no. 1387349)

MARC details
000 -LEADER
fixed length control field 00714nam a2200229Ia 4500
005 - DATE AND TIME OF LATEST TRANSACTION
control field 20250508164144.0
008 - FIXED-LENGTH DATA ELEMENTS--GENERAL INFORMATION
fixed length control field 008 250505s9999 xx 000 0 eng d
020 ## - INTERNATIONAL STANDARD BOOK NUMBER
International Standard Book Number 0-471-52376-3
037 ## - SOURCE OF ACQUISITION
Stock number TextBook
040 ## - CATALOGING SOURCE
Original cataloging agency FEDL
Language of cataloging eng
Transcribing agency FEDL
041 ## - LANGUAGE CODE
Language code of text/sound track or separate title eng
Source of code eng
084 ## - COLON CLASSIFICATION NUMBER
Classification number 152.8, CAR
Assigning agency FEDL
100 ## - MAIN ENTRY--PERSONAL NAME
Personal name Carter Philip
9 (RLIN) 748264
245 #0 - TITLE STATEMENT
Title Psychometric testing: 1000 ways to assess your personality, creativity, intelligence and lateral thinking
260 ## - PUBLICATION, DISTRIBUTION, ETC.
Place of publication, distribution, etc. Chichester
Name of publisher, distributor, etc. John Wiley and Sons
Date of publication, distribution, etc. 2001
300 ## - PHYSICAL DESCRIPTION
Extent 234p
490 ## - SERIES STATEMENT
Series statement IQ workout series
650 ## - SUBJECT ADDED ENTRY--TOPICAL TERM
Topical term or geographic name entry element Psychometric testing
9 (RLIN) 777510
700 ## - ADDED ENTRY--PERSONAL NAME
Personal name Russell Ken
9 (RLIN) 777511
942 ## - ADDED ENTRY ELEMENTS (KOHA)
Koha item type Textbook
Classification part 152.8, CAR
Holdings
Withdrawn status Lost status Damaged status Not for loan Home library Current library Date acquired Total Checkouts Full call number Barcode Date last seen Price effective from Koha item type
        Department of Education Library Department of Education Library 2025-05-08   152.8, CAR EL0080969 2025-05-08 2025-05-08 Textbook
Copyright @ Delhi University Library System